000 00633nam a2200229 i 4500
001 10078
003 ES-MaACL
005 20231021062525.0
007 t|
008 950206s1993 sp |||| | spa d
020 _a84-7223-699-4
080 _a821.134.2-31"19"
100 1 _aMendicutti, Eduardo.
_980185
245 1 4 _aLos novios búlgaros /
_cEduardo Mendicutti.
250 _a1ª ed.
260 _aBarcelona :
_bTusquets,
_c1993.
300 _a236 p. ;
_c21 cm.
490 1 _aColección andanzas ;
_v203
830 0 0 _aColección Andanzas
_v203
_9234359
852 _aES-MaACL
_jL-17553
999 _c10078
_d10078